01104nam a2200241 a 450000100100000000500170001000800410002704000250006808200200009310000280011324500960014126000340023730000270027159000260029865000280032465000310035270000470038391000400043095201330047095201180060395201240072199900170084500001059220240412074219.0091008s1997 dr a 000 p spa d aDO-SdBNPbspacBNPHU aRD861.44bN174d1 aNamías, Gloria92566910aDesnudo interior :bpoemas de amor /cGloria Namías ; prólogo Marivi Núñez Fidalgo. aSanto Domingo :bIDEA,c1997. a82 p. :bil. ;c22 cm. aInventariado, 2018/LP 0aPoesía dominicana966 0aLiteratura dominicana.9671 aNúñez Fidalgo, Marivi,epról.925670 aValidado. Control de calidad BNPHU. 001054708DSaGRbGRcHDd2009-10-08iLF1l0oRD861.44 N174dp10592-30r2020-06-25te. 3w2020-06-25yLFDSZPréstamo en sala 0010718PDaPDbPDcHDd2009-10-08iLF1l0oRD861.44 N174dp10592-10r2020-06-25w2020-06-25yLFPDZNo se presta 0010718PDaPDbPDcHDd2009-10-08iLF1l0oRD861.44 N174dp10592-20r2020-06-25te. 2w2020-06-25yLFPDZNo se presta c10350d10350